Election of 1876 Trivia - Statistics

General Stats
  • This quiz has been taken 22 times
  • The average score is 18 of 24
Answer Stats
Hint Answer % Correct
Their home state New York
100%
Their home state New York
100%
Number of electoral votes between the victor and their opponent One
100%
Their party Republican
100%
Victor Rutherford B Hayes
100%
Opponent Samuel Tilden
100%
2000
93%
2016
93%
Their party Democratic
93%
Their home state Ohio
93%
Prominent modern senator who used this election as rationale for overturning the 2020 election Ted Cruz
87%
Like most close elections, the victor was accused of _____ _____ Voter Fraud
87%
This is one of five elections where the winner lost the popular vote. Name the other 4 1824
80%
State in which this was their first election. Colorado
80%
1888
73%
State with the smallest margin (0.49) South Carolina
73%
Their running mate William Wheeler
73%
Their running mate Thomas Hendricks
67%
Their party Green Back
60%
Prohibition
60%
State with the largest margin (44.07) Georgia
47%
Third Place Candidate Peter Cooper
47%
Other major third parties American National
7%
Their running mate Newton Booth
0%
No matching quizzes found
Score Distribution
Percent of People with Each Score
Percentile by Number Answered
Your Score History
You have not taken this quiz